Prvý triumf ŠKP Bratislava finálový turnaj Slovenského pohára hádzanárok

Bibliographic Details
Format: Article
Language:Slovak
ISSN:0139-7001
Subjects:

MARC

LEADER 00000nab a2200000 ar4500
001 vtls009470729
003 SK-MaSNL
005 20260303054045.0
008 090209c20090202xo sr|p|||||||000 b|slo
015 |a SNBRB2009/02  |2 snkbucl 
038 |a SNKBUCL 
040 |a SNKBUCL  |b slo  |c SNKBUCL  |e AACR2 
041 0 |a slo 
044 |a xo  |c SK 
080 |a 796.322.093.1  |x (437.6)  |2 2001 
245 0 0 |a Prvý triumf ŠKP Bratislava  |b finálový turnaj Slovenského pohára hádzanárok 
648 7 |a sezóna 2008/2009  |2 snkbucl  |9 1033714 
650 0 7 |a hádzaná  |2 snkbucl  |9 3292 
650 0 7 |a ženy  |2 snkbucl  |9 4865 
650 0 7 |a Slovenský pohár  |2 snkbucl  |9 839689 
773 0 |t Šport  |g Roč. 63, č. 26 (2.2.2009), s. 25  |x 0139-7001 
852 |a SNK  |b KIS3GCP 
999 |c 1721807  |d 1723737